| 000 | 00740nam a2200193 a 4500 | ||
|---|---|---|---|
| 005 | 20230920064211.0 | ||
| 008 | 070504s2006 mx r 000 0 spa d | ||
| 020 | _a9789681681951 | ||
| 035 | _aUPN01000150208 | ||
| 049 | _aCG | ||
| 050 | 4 |
_aLC92 M6 _bA6.7 |
|
| 245 | 0 | 0 |
_aAprender más y mejor : _bpolíticas, programas y oportunidades de aprendizaje en educación básica en México : 2000-2006 / _ccoord. Fernando Reimers. |
| 260 |
_aMéxico : _bSEP : _bFCE : _bInstituto Latinoamericano de la Comunicación Educativa, _c2006 |
||
| 300 | _a509 p. | ||
| 440 | 0 | _aSección de obras de educación y pedagogía | |
| 650 | 4 |
_aEducación y Estado _zMéxico _9476 |
|
| 700 | 1 |
_aReimers, Fernando Miguel, _d1958- _ecoord. _935507 |
|
| 905 | _aLibro | ||
| 999 |
_c122349 _d122349 |
||